000
00269nam a22001217a 4500
003
SGT
082
_a
365.1
_b
ARO
100
_a
ARORA, DR. VARUN
245
_a
SOCIAL AND PREVENTIVE PHARMACY
260
_a
INDIA
_b
S. VIKASH PUB.
_c
2020
300
_a
213
942
_2
ddc
_c
BK
999
_c
32489
_d
32489